Ein Deutsches Requiem op.45 (Record n. 103497)

Dettagli MARC
000 -LEADER
fixed length control field 01305njm a2200325Ia 4500
001 - CONTROL NUMBER
control field 26788
003 - CONTROL NUMBER IDENTIFIER
control field IT-RoPAU
005 - DATE AND TIME OF LATEST TRANSACTION
control field 20220918181206.0
008 - FIXED-LENGTH DATA ELEMENTS--GENERAL INFORMATION
fixed length control field 131025s9999 xx 000 0 und d
040 ## - CATALOGING SOURCE
Original cataloging agency IT-RoPAU
040 ## - CATALOGING SOURCE
Transcribing agency IT-RoPAU
041 ## - LANGUAGE CODE
Language code of text/sound track or separate title TEDESCO
999 ## - SYSTEM CONTROL NUMBERS (KOHA)
Koha Dewey Subclass [OBSOLETE] n.d.
100 ## - MAIN ENTRY--PERSONAL NAME
Personal name Brahms Johannes
9 (RLIN) 1441
100 ## - MAIN ENTRY--PERSONAL NAME
Relator term Autore musica
9 (RLIN) 16799
100 ## - MAIN ENTRY--PERSONAL NAME
Miscellaneous information Codice autore musica SPICS: 8867
9 (RLIN) 1443
245 ## - TITLE STATEMENT
Title Ein Deutsches Requiem op.45
250 ## - EDITION STATEMENT
Edition statement 1a ed.
260 ## - PUBLICATION, DISTRIBUTION, ETC. (IMPRINT)
Place of publication, distribution, etc. GERMANY
260 ## - PUBLICATION, DISTRIBUTION, ETC. (IMPRINT)
Name of publisher, distributor, etc. DEUTSCHE GRAMMOPHON
Date of publication, distribution, etc. 1985 [1a Ed.:1985 - Ed. Lingua Orig.: 1868]
300 ## - PHYSICAL DESCRIPTION
Extent COMPACT DISC
300 ## - PHYSICAL DESCRIPTION
Dimensions 100 minuti (Testo: 48 pag.)
500 ## - GENERAL NOTE
General note Musica classica, sinfonica. Romanticismo. Testo biblico corale funebre, affetti, marcia, fuga, dinamica, rondò, contrappunto, tromba, coro, soli, orchestra
505 ## - FORMATTED CONTENTS NOTE
Formatted contents note Ein Deutsches Requiem - Te Deum
511 ## - PARTICIPANT OR PERFORMER NOTE
Participant or performer note Hendricks Barbara: sopr; Josè Van Dam: bar; Scholz Rudolf: organo diretti da Karajan Herbert Von
511 ## - PARTICIPANT OR PERFORMER NOTE
Participant or performer note Muller-Molinari: contr; Perri Janet: sopr; Winberg Gosta: ten; Malta A diretti da Karajan Herbert Von
650 ## - SUBJECT ADDED ENTRY--TOPICAL TERM
Topical term or geographic name as entry element SINFONICA [COMPACT DISC]
Relator term Codice MATERIA SPICS: 9949
9 (RLIN) 16800
700 ## - ADDED ENTRY--PERSONAL NAME
Personal name Bruckner Joseph Anton
Dates associated with a name Codice autore musica SPICS: 10727
Relator term Autore musica
Name of part/section of a work Te Deum
9 (RLIN) 16801
942 ## - ADDED ENTRY ELEMENTS (KOHA)
Koha item type CD AUDIO
Source of classification or shelving scheme Dewey Decimal Classification
Dati di copia
Withdrawn status Lost status Damaged status Not for loan Home library Current library Date acquired Total Checkouts Full call number Date last seen Price effective from Koha item type Public note
    Buone Condizioni Not For Loan SPICS-MEDIATECA SPICS-MEDIATECA 25/10/2013   26788 25/10/2013 25/10/2013 CD AUDIO Progr. Ins.: 6345 / N.Vol.: 2 / Copie: 1 - Copia rara: n.d. / date import: 01.01.2014 - By Epidotti, Trombetti, Vaglietti
CREDITS: SOCIETA' SAN PAOLO Via A.Severo, 58 - ROMA (RM) & PERIODICI SAN PAOLO SRL Via Giotto, 36 MILANO & CISF Via Giotto, 36 MILANO & EDIZIONI SAN PAOLO SRL,  Piazza Soncino, 5 CINISELLO BALSAMO (MI) -- ITALY